Les Pays-Bas de A à Z - Statistiques

Statistiques générales
  • Ce quiz a été pris 932 fois
  • Le résultat moyen est 16 sur 26
Statistiques - réponses
Lettre Indice Réponse % Correct
H Marque de bière néerlandaise, c'est la deuxième bière la plus consommée en France Heineken
94%
O Couleur associée à la maison régnante et à l'équipe de football des Pays-Bas Orange
94%
N Mer qui borde les Pays-Bas Mer du Nord
92%
T Symbole floral des Pays-Bas Tulipe
92%
G Célèbre fromage néerlandais conçu avec du lait de vache de race Holstein Gouda
90%
B Union que les Pays-Bas forment avec deux autres pays européens Benelux
89%
M Ville où l'Union Européenne a été fondée en 1992 Maastricht
86%
Y Cette ville avait pour nom La Nouvelle-Amsterdam jusqu'en 1664 New {York}
86%
S Pays américain où le néerlandais est la langue maternelle de 50% des habitants Suriname
80%
Z Province de l'extrême sud-ouest du pays qui a donné son nom à un pays d'Océanie Zélande
72%
L Ville siège du gouvernement néerlandais, elle regroupe plusieurs institutions internationales judiciaires La Haye
71%
U Quatrième ville du pays, située au sud-est d'Amsterdam Utrecht
67%
D Chanteur néerlandais principalement connu pour ses chansons en français, telles que "Du Côté de Chez Swann" Dave
62%
R Célèbre peintre et graveur néerlandais du 17ème siècle, il a peint "La Ronde de nuit" Rembrandt
61%
V Grand défenseur central néerlandais qui évolue au Liverpool FC depuis 2017 Virgil van Dijk
57%
F Club de football qui a remporté l'Eredivisie en 2023 Feyenoord Rotterdam
51%
J Cette ville s'appelait Batavia lorsqu'elle faisait partie de l'Empire colonial néerlandais Jakarta
51%
Q Appelé "De Wallen" à Amsterdam, il est réputé pour ses vitrines et ses coffee shops Quartier rouge
50%
A Île néerlandaise de la mer des Caraïbes, située au nord de la péninsule de Paraguaná au Venezuela Aruba
48%
I Grand groupe bancaire et d'assurances arborant un lion comme logo Groupe {ING}
43%
C Territoire d'outre-mer le plus peuplé du pays, avec plus de 150 000 habitants Curaçao
38%
P Type de surface terrestre qui compose 17% du territoire des Pays-Bas Polder
36%
W Roi des Pays-Bas depuis 2013, il est aussi copilote pour la compagnie KLM Willem-Alexander
31%
X Drogue de synthèse principalement produite aux Pays-Bas, elle est parfois surnommée X, XTC ou Xeu (la réponse ne contient pas la lettre "X") MDMA | Ecstasy
30%
E Parc d'attraction sur le thème des contes et légendes, troisième d'Europe en fréquentation Efteling
9%
K Village connu pour ses moulins classés au patrimoine mondial de l'UNESCO Kinderdijk
5%
Aucun quiz correspondant
Distribution des résultats
% des personnes avec chaque résultat
Percentile par nombre de réponses
Votre historique - résultats
Vous n’avez pas pris ce quiz